000 00698cam a22001814a 4500
005 20250605164345.0
008 250528s ||||||||||||||||||||||||d
035 _a23850
040 _aGR-AtMCL
_bgre
_dGR-AtMCL
_eAACR2
245 1 _aPlatform for Action / and the Beijing Declaration
260 _aNew York, NY,
_c1996
300 _a180
520 _aTranslating the Momentum of Beijing into Action, Beijing Declaration, Platform for Action, Mission Statement, Global Framework, Critical Areas of Concern, Strategic Objectives and Actions, Institutional Arrangements, Financial Arrangements.
710 2 _aUnited Nations
_99734
942 _cCR
999 _c8775
_d8775